LEADER 01014nam0-2200313 --450 001 9911036677503321 005 20251122151413.0 100 $a20251110d1954----kmuy0itay5050 ba 101 0 $aita 102 $aIT 105 $aa 001yy 200 1 $aRiproduzione e sessualita nelle piante e negli animali$fJ. Hammerling, M. Hartmann 205 $a2. ed. italiana$friveduta ed aggiornata dagli autori$ga cura del prof. Claudio Barigozzi 210 $aMilano$cHoepli$d1954 215 $aVII, 283 p.$cill.$d15 cm. 225 1 $aManuali Hoepli 610 0 $aAnimali$aRiproduzione 610 0 $aPiante$aRiproduzione 676 $a574.166$v20$zita 700 1$aHämmerling,$bJoachim$01592374 701 1$aHartmann,$bMax$073335 702 1$aBarigozzi,$bClaudio 801 0$aIT$bUNINA$gREICAT$2UNIMARC 901 $aBK 912 $a9911036677503321 952 $aE ARB 279$b03/4771/25$fFAGBC 959 $aFAGBC 996 $aRiproduzione e sessualitā nelle piante e negli animali$93909279 997 $aUNINA